Про внесення змін до Порядку координації проведення планових вихзних первірок фінансово-господарської діяльності субєктівв підпрємницької діляьності контролюючими органами (Запис № 293133)

МАРК-запис
000 -Лідер
fixed length control field 00858nam a22002057a 4500
003 - Ідентифікатор контрольного номера
control field UA-OsUOA
001 - Контрольний номер
control field 6972
007 - Фіксоване поле фізичного опису
fixed length control field ta
008 - Елементи даних фіксованої довжини – загальна інформація
fixed length control field 20031118b un ||||| |||| 00| 0 ukr d
090 ## - Локальний шифр розміщення
Авторський знак (НП) К12
040 ## - Джерело каталогізації
Агенція оригінальної каталогізації UA-OsUOA
Мова каталогізації ukr
Агенція, яка здійснювала перезапис UA-OsUOA
Агенція, яка здійснювала модифікацію UA-OsUOA
041 ## - Код мови
Код мови тексту/ звукової доріжки чи окремого заголовка (П) ukr
044 ## - Код країни видавця/ виробника
Код країни видавця/ виробника (П) UA
245 ## - Відомості про назву
Назва (НП) Про внесення змін до Порядку координації проведення планових вихзних первірок фінансово-господарської діяльності субєктівв підпрємницької діляьності контролюючими органами
Решта назви (НП) Постанова від 15 жовтня 2003 року №1625
Дані про відповідальність (НП) Кабінет Міністрів України
300 ## - Фізичний опис
Обсяг С.45-47
650 #7 - Додаткове предметне введення – тематичний термін
Тематичний термін чи географічна назва, як елемент введення (НП) Виконавча влада
Джерело заголовка чи терміна UDC
773 0# - Введення хост-одиниці (П)
Контрольний номер запису (П) 0
942 ## - Додаткові елементи входу (Коха)
Тип елемента Koha Стаття періодики
955 ## - Код типу видання за змістом
Код типу видання за змістом (НП) інше

Немає доступних примірників.